000
00266 a2200085 4500
082
_a
625.820 HOT
245
_a
Hot Mix Asphalt Paving Handbook/
_c
US Army Corps of Engineers
260
_a
USA :
_b
US Army Corps of Engineers,
_c
1995
300
_a
various Pages
_b
ill. ;
_c
28 cm
650
_a
Asphalt Pavement
999
_c
1531
_d
1531